LEADER 01854nam a2200349 u 4500 001 000000014791 003 CaOOAMICUS 005 20070226105814.0 008 940517s1964 gw u000 u ger u 035 $a10347644 040 $aPUL$bita 041 0 $ager$acop 100 1 $aSchrage, Wolfgang.$0(OLS)http://pul/name/13688 245 14$aDas Verhältnis des Thomas-Evangeliums zur synoptischen Tradition und zu den koptischen Evangelienüberlieferung :$bzugleich ein Beitrag zur gnostischen Synoptikerdeutung /$cWolfgang Schrage. 260 $aBerlin :$bA. Töpelmann,$c1964. 300 $aviii, 213 p. ;$c24 cm 490 1 $aBeihefte zur Zeitschrift für die neutestamentliche Wissenschaft und die Kunde der älteren Kirche ;$v29 500 $aComprende indici. 502 $aDiss. -- Universität Kiel. 504 $aBibliografia: p. 201-207. 630 04$aBiblia.$pN.T.$xVersioni copte.$0(OLS)http://pul/subject/10328 630 04$aEvangelium Thomae.$0(OLS)http://pul/subject/10329 630 04$aBiblia.$pN.T.$pEvangelia$xCritica e interpretazione.$0(OLS)http://pul/subject/2670 650 4$aGnosticismo.$0(OLS)http://pul/subject/5833 710 2 $aUniversität Kiel.$0(OLS)http://pul/name/9144 830 0$aBeihefte zur Zeitschrift für die neutestamentliche Wissenschaft und die Kunde der älteren Kirche ;$v29.$0(OLS)http://pul/title/1048 850 $aPUL 852 $aPUL$W1$xSL Religione 1$y3$m1 D 39$j20722$nBK-PRI$b $qStampati$B20722$CPULBib$Z2$F20722 $H $81 941 1 $a8 961 $aINV: 27897 996 $6245$aDas Verhältnis des Thomas-Evangeliums zur synoptischen Tradition und zu den koptischen Evangelienüberlieferung :$bzugleich ein Beitrag zur gnostischen Synoptikerdeutung$9(OLS)http://pul/title/21225 996 $6260$aBerlin :$bA. Töpelmann$9(OLS)http://pul/publisher/49126 LEADER 01259nam a2200313 u 4500 001 000000073841 003 CaOOAMICUS 005 20070226122409.0 008 021125c1996 it u000 u ita u 020 $a8878020000 035 $a10945721 040 $aPUL$bita 041 1 $aita$hger 100 1 $aHegel, Georg Wilhelm Friedrich,$d1770-1831.$0(OLS)http://pul/name/6237 240 10$aEinleitung in die Ästhetik.$lItaliano.$0(OLS)http://pul/title/97047 245 10$aIntroduzione alla Estetica /$cG. W. F. Hegel ; con un saggio di Walter Biemel. 260 $aTorino :$bGuerini,$cc1996. 300 $a135 p. ;$c18 cm 490 1 $aOrientarsi nel pensiero ;$v1 650 4$aEstetica.$0(OLS)http://pul/subject/224 700 1 $aBiemel, Walter.$0(OLS)http://pul/name/37595 830 0$aOrientarsi nel pensiero ;$v1.$0(OLS)http://pul/title/83965 850 $aPUL 852 $aPUL$W1$xSL Filosofia 1$y2$m85 F 97$j95374$nBK-PRI$b $qStampati$B95374$CPULBib$Z2$F95374 $H $81 941 1 $a8 961 $aINV: 87253 996 $6020$a8878020000$9(OLS)http://pul/number/95368 996 $6245$aIntroduzione alla Estetica$9(OLS)http://pul/title/97048 996 $6260$aTorino :$bGuerini$9(OLS)http://pul/publisher/74411